000 00296nam a22001337a 4500
003 SGT
020 _a978-93-92787-46-1
082 _a362.10
_bRAW
100 _aRAWAL, MR. KUNAL
245 _aRECENT TRENDS IN HEALTHCARE
260 _aINDIA
_bS.S. PUB.
_c2022
300 _a91
942 _2ddc
_cBK
999 _c24577
_d24577